Textile (Record no. 2382)

MARC details
000 -LEADER
fixed length control field 00345nam a2200145Ia 4500
008 - FIXED-LENGTH DATA ELEMENTS--GENERAL INFORMATION
fixed length control field 191201s1998 xx 000 0 und d
082 ## - DEWEY DECIMAL CLASSIFICATION NUMBER
Classification number 677
Item number KAT
100 ## - MAIN ENTRY--PERSONAL NAME
Personal name Kadoeph, Sara J
245 #0 - TITLE STATEMENT
Title Textile
250 ## - EDITION STATEMENT
Edition statement 8th
260 ## - PUBLICATION, DISTRIBUTION, ETC. (IMPRINT)
Place of publication, distribution, etc N.Delhi
Name of publisher, distributor, etc Merrill An inprint of Prentice Hall
Date of publication, distribution, etc 1998
300 ## - PHYSICAL DESCRIPTION
Extent 419
650 ## - SUBJECT ADDED ENTRY--TOPICAL TERM
Topical term or geographic name as entry element B.Tech(TE)
942 ## - ADDED ENTRY ELEMENTS (KOHA)
Source of classification or shelving scheme Dewey Decimal Classification
Koha item type Text Books
Holdings
Withdrawn status Lost status Source of classification or shelving scheme Damaged status Not for loan Collection code Home library Current library Date acquired Source of acquisition Cost, normal purchase price Bill Number Total Checkouts Full call number Acc. no. / Barcode Date last seen Bill Date Koha item type Checked out Date last borrowed
    Dewey Decimal Classification     B.Tech(TE) PIET C-LIBRARY PIET C-LIBRARY 30/08/2006 Abhishek Publications 1295.00 7985   677 KAT 5101 04/12/2019 10/02/2006 Text Books    
    Dewey Decimal Classification     B.Tech(TE) PIET C-LIBRARY PIET C-LIBRARY 30/08/2006 Abhishek Publications 1295.00 7985   677 KAT 5102 04/12/2019 10/02/2006 Text Books    
    Dewey Decimal Classification     B.Tech(TE) PIET C-LIBRARY PIET C-LIBRARY 30/08/2006 Abhishek Publications 1295.00 7985   677 KAT 5103 04/12/2019 10/02/2006 Text Books    
    Dewey Decimal Classification     B.Tech(TE) PIET C-LIBRARY PIET C-LIBRARY 30/08/2006 Abhishek Publications 1295.00 7985 1 677 KAT 5104 18/11/2023 10/02/2006 Text Books 16/05/2024 18/11/2023
    Dewey Decimal Classification     B.Tech(TE) PIET C-LIBRARY PIET C-LIBRARY 30/08/2006 Abhishek Publications 1295.00 7985   677 KAT 5105 04/12/2019 10/02/2006 Text Books    

Design & Developed by: PIET Central Library
R70 Miles Stone Pattikalyana Samalkha Panipat 132102
mail ID :- [email protected], Phone No:- 0180-2569700 Ex.216